Văn hóa cộng đồng kinh ở kinh Đảo Đông Hưng, Quảng Tây, Trung Quốc

Guardat en:
Dades bibliogràfiques
Autor principal: Nguyễn Thị Phương Châm
Format: Llibre
Publicat: Hà Nội Văn hóa dân tộc 2016
Matèries:
Etiquetes: Afegir etiqueta
Sense etiquetes, Sigues el primer a etiquetar aquest registre!
Thư viện lưu trữ: Trung tâm Học liệu Lê Vũ Hùng, Trường Đại học Đồng Tháp
LEADER 01030pam a22003378a 4500
001 00036782
005 20171026081023.0
008 170328s2016 ||||||Viesd
020 # # |a 978604 70 1062 2 
041 0 # |a Vie 
082 1 4 |a 305.895 922  |b V115H 
100 0 # |a Nguyễn Thị Phương Châm 
245 0 0 |a Văn hóa cộng đồng kinh ở kinh Đảo  |c Nguyễn Thị Phương Châm  |b Đông Hưng, Quảng Tây, Trung Quốc 
260 # # |a Hà Nội  |b Văn hóa dân tộc  |c 2016 
300 # # |a 463tr.  |c 21 cm. 
500 # # |a ĐTTS:Hội văn nghệ dân gian Việt Nam 
653 # # |a Người kinh 
653 # # |a Trung Quốc 
653 # # |a Văn học dân gian 
653 # # |a Văn hóa 
653 # # |a Việt Nam 
852 # # |j KD.0019647 
852 # # |b Kho đọc  |j KD.0019647 
910 |d 28/03/2017 
980 # # |a Trung tâm Học liệu Lê Vũ Hùng, Trường Đại học Đồng Tháp